<?xml version="1.0" encoding="UTF-8"?>
<record
    xmlns:xsi="http://www.w3.org/2001/XMLSchema-instance"
    xsi:schemaLocation="http://www.loc.gov/MARC21/slim http://www.loc.gov/standards/marcxml/schema/MARC21slim.xsd"
    xmlns="http://www.loc.gov/MARC21/slim">

  <leader>01368nam a22003017a 4500</leader>
  <controlfield tag="005">20240530110340.0</controlfield>
  <controlfield tag="008">141102s2011    le     gr     001 0dara d</controlfield>
  <datafield tag="020" ind1=" " ind2=" ">
    <subfield code="a">9789953823652</subfield>
  </datafield>
  <datafield tag="040" ind1=" " ind2=" ">
    <subfield code="a">EG-CaGPL</subfield>
  </datafield>
  <datafield tag="082" ind1="0" ind2="4">
    <subfield code="2">21</subfield>
    <subfield code="a">361.23\</subfield>
    <subfield code="b">&#x631; &#x62D;</subfield>
  </datafield>
  <datafield tag="100" ind1="0" ind2=" ">
    <subfield code="a">&#x631;&#x628;&#x64A;&#x639; &#x648;&#x647;&#x628;&#x629;</subfield>
  </datafield>
  <datafield tag="245" ind1="1" ind2=" ">
    <subfield code="a">&#x627;&#x644;&#x62D;&#x631;&#x643;&#x627;&#x62A; &#x627;&#x644;&#x627;&#x62D;&#x62A;&#x62C;&#x627;&#x62C;&#x64A;&#x629; &#x641;&#x649; &#x627;&#x644;&#x648;&#x637;&#x646; &#x627;&#x644;&#x639;&#x631;&#x628;&#x649; ( &#x645;&#x635;&#x631; - &#x627;&#x644;&#x645;&#x63A;&#x631;&#x628; - &#x644;&#x628;&#x646;&#x627;&#x646; - &#x627;&#x644;&#x628;&#x62D;&#x631;&#x64A;&#x646; ) /</subfield>
    <subfield code="c">&#x631;&#x628;&#x64A;&#x639; &#x648;&#x647;&#x628;&#x629; &#x60C; &#x641;&#x627;&#x631;&#x633; &#x627;&#x634;&#x62A;&#x649; [ &#x648;&#x627;&#x62E; .] &#x61B; &#x62A;&#x62D;&#x631;&#x64A;&#x631; &#x639;&#x645;&#x631;&#x648; &#x627;&#x644;&#x634;&#x648;&#x628;&#x643;&#x649; </subfield>
  </datafield>
  <datafield tag="260" ind1=" " ind2=" ">
    <subfield code="a">&#x628;&#x64A;&#x631;&#x648;&#x62A; :</subfield>
    <subfield code="b">&#x645;&#x631;&#x643;&#x632; &#x62F;&#x631;&#x627;&#x633;&#x627;&#x62A; &#x627;&#x644;&#x648;&#x62D;&#x62F;&#x629; &#x627;&#x644;&#x639;&#x631;&#x628;&#x64A;&#x629; &#x61B;</subfield>
    <subfield code="c">2011</subfield>
  </datafield>
  <datafield tag="300" ind1=" " ind2=" ">
    <subfield code="a">304 &#x635; &#x61B;</subfield>
    <subfield code="c">24 &#x633;&#x645;</subfield>
  </datafield>
  <datafield tag="650" ind1="0" ind2="4">
    <subfield code="a">&#x62D;&#x631;&#x643;&#x627;&#x62A; &#x627;&#x644;&#x627;&#x62D;&#x62A;&#x62C;&#x627;&#x62C;</subfield>
    <subfield code="z">&#x645;&#x635;&#x631;</subfield>
  </datafield>
  <datafield tag="650" ind1="0" ind2="4">
    <subfield code="a">&#x62D;&#x631;&#x643;&#x627;&#x62A; &#x627;&#x644;&#x627;&#x62D;&#x62A;&#x62C;&#x627;&#x62C;</subfield>
    <subfield code="z">&#x627;&#x644;&#x645;&#x63A;&#x631;&#x628;</subfield>
  </datafield>
  <datafield tag="650" ind1="0" ind2="4">
    <subfield code="a">&#x62D;&#x631;&#x643;&#x627;&#x62A; &#x627;&#x644;&#x627;&#x62D;&#x62A;&#x62C;&#x627;&#x62C;</subfield>
    <subfield code="z">&#x644;&#x628;&#x646;&#x627;&#x646;</subfield>
  </datafield>
  <datafield tag="650" ind1="0" ind2="4">
    <subfield code="a">&#x62D;&#x631;&#x643;&#x627;&#x62A; &#x627;&#x644;&#x627;&#x62D;&#x62A;&#x62C;&#x627;&#x62C;</subfield>
    <subfield code="z">&#x627;&#x644;&#x628;&#x62D;&#x631;&#x64A;&#x646;</subfield>
  </datafield>
  <datafield tag="650" ind1="0" ind2="4">
    <subfield code="a">&#x627;&#x644;&#x62D;&#x631;&#x643;&#x627;&#x62A; &#x627;&#x644;&#x627;&#x62C;&#x62A;&#x645;&#x627;&#x639;&#x64A;&#x629;</subfield>
  </datafield>
  <datafield tag="700" ind1="0" ind2=" ">
    <subfield code="a">&#x641;&#x627;&#x631;&#x633; &#x627;&#x634;&#x62A;&#x649;</subfield>
    <subfield code="e">&#x645;&#x624;&#x644;&#x641; &#x645;&#x634;&#x627;&#x631;&#x643;</subfield>
  </datafield>
  <datafield tag="700" ind1="0" ind2=" ">
    <subfield code="a">&#x639;&#x628;&#x62F;&#x627;&#x644;&#x631;&#x62D;&#x64A;&#x645; &#x645;&#x646;&#x627;&#x631; &#x627;&#x644;&#x633;&#x644;&#x64A;&#x645;&#x649;</subfield>
    <subfield code="e">&#x645;&#x624;&#x644;&#x641; &#x645;&#x634;&#x627;&#x631;&#x643;</subfield>
  </datafield>
  <datafield tag="700" ind1="0" ind2=" ">
    <subfield code="a">&#x645;&#x62D;&#x645;&#x62F; &#x627;&#x644;&#x639;&#x62C;&#x627;&#x62A;&#x649;</subfield>
    <subfield code="e">&#x645;&#x624;&#x644;&#x641; &#x645;&#x634;&#x627;&#x631;&#x643;</subfield>
  </datafield>
  <datafield tag="700" ind1="0" ind2=" ">
    <subfield code="a">&#x639;&#x645;&#x631;&#x648; &#x627;&#x644;&#x634;&#x648;&#x628;&#x643;&#x649;</subfield>
    <subfield code="e">&#x645;&#x624;&#x644;&#x641; &#x645;&#x634;&#x627;&#x631;&#x643;</subfield>
  </datafield>
  <datafield tag="700" ind1="0" ind2=" ">
    <subfield code="a">&#x647;&#x628;&#x629; &#x631;&#x624;&#x648;&#x641; &#x639;&#x632;&#x62A;</subfield>
    <subfield code="e">&#x645;&#x624;&#x644;&#x641; &#x645;&#x634;&#x627;&#x631;&#x643;</subfield>
  </datafield>
  <datafield tag="700" ind1="0" ind2=" ">
    <subfield code="a">&#x639;&#x645;&#x631;&#x648; &#x627;&#x644;&#x634;&#x648;&#x628;&#x643;&#x649;</subfield>
    <subfield code="e">&#x645;&#x62D;&#x631;&#x631;</subfield>
  </datafield>
  <datafield tag="942" ind1=" " ind2=" ">
    <subfield code="2">ddc</subfield>
    <subfield code="c">BK</subfield>
  </datafield>
  <datafield tag="999" ind1=" " ind2=" ">
    <subfield code="c">59860</subfield>
    <subfield code="d">59860</subfield>
  </datafield>
  <datafield tag="952" ind1=" " ind2=" ">
    <subfield code="0">0</subfield>
    <subfield code="1">0</subfield>
    <subfield code="4">0</subfield>
    <subfield code="7">0</subfield>
    <subfield code="a">CAI</subfield>
    <subfield code="b">CAI</subfield>
    <subfield code="d">2014-11-02</subfield>
    <subfield code="l">0</subfield>
    <subfield code="o">361.23\ &#x631; &#x62D;</subfield>
    <subfield code="p">158817</subfield>
    <subfield code="r">2014-11-02 00:00:00</subfield>
    <subfield code="w">2014-11-02</subfield>
    <subfield code="y">BK</subfield>
  </datafield>
</record>
